Operation world : (Record no. 6561)

MARC details
000 -LEADER
fixed length control field 01096cam a2200301 a 4500
001 - CONTROL NUMBER
control field 3467822
003 - CONTROL NUMBER IDENTIFIER
control field GBCCL
005 - DATE AND TIME OF LATEST TRANSACTION
control field 20241126110606.0
008 - FIXED-LENGTH DATA ELEMENTS--GENERAL INFORMATION
fixed length control field 930331s1993 miuab f 001 0 eng
010 ## -
-- 93008006
020 ## - INTERNATIONAL STANDARD BOOK NUMBER
International Standard Book Number 0310400317 (pbk.)
040 ## - CATALOGING SOURCE
Original cataloging agency DLC
Transcribing agency DLC
Modifying agency DLC
050 00 -
-- BV4811
-- .J596 1993
082 00 - DEWEY DECIMAL CLASSIFICATION NUMBER
Classification number 266.0021
Edition information 20
Item number JOH
100 1# - MAIN ENTRY--PERSONAL NAME
Personal name Johnstone, Patrick J. St. G.
9 (RLIN) 11744
245 10 - TITLE STATEMENT
Title Operation world :
Remainder of title a day-by-day guide to praying for the world /
Statement of responsibility, etc. Patrick Johnstone.
250 ## - EDITION STATEMENT
Edition statement 5th edition
260 ## - PUBLICATION, DISTRIBUTION, ETC.
Place of publication, distribution, etc. Grand Rapids, Mich. :
Name of publisher, distributor, etc. Zondervan Pub. House,
Date of publication, distribution, etc. c1993.
300 ## - PHYSICAL DESCRIPTION
Extent v, 662 p. :
Other physical details ill., maps ;
Dimensions 23 cm.
500 ## - GENERAL NOTE
General note Includes index.
650 #0 - SUBJECT ADDED ENTRY--TOPICAL TERM
Topical term or geographic name entry element Devotional calendars.
9 (RLIN) 1878
650 #0 - SUBJECT ADDED ENTRY--TOPICAL TERM
Topical term or geographic name entry element Religions
General subdivision Handbooks, manuals, etc.
9 (RLIN) 1408
650 #0 - SUBJECT ADDED ENTRY--TOPICAL TERM
Topical term or geographic name entry element Christian sects
General subdivision Handbooks, manuals, etc.
9 (RLIN) 11753
650 #0 - SUBJECT ADDED ENTRY--TOPICAL TERM
Topical term or geographic name entry element Geography
General subdivision Handbooks, manuals, etc.
9 (RLIN) 11754
906 ## - LOCAL DATA ELEMENT F, LDF (RLIN)
a 7
b cbc
c orignew
d 1
e ocip
f 19
g y-gencatlg
942 ## - ADDED ENTRY ELEMENTS (KOHA)
Source of classification or shelving scheme Dewey Decimal Classification
Koha item type Books
Holdings
Withdrawn status Lost status Source of classification or shelving scheme Damaged status Not for loan Home library Current Library Shelving location Date acquired Total checkouts Full call number Barcode Date last seen Copy number Price effective from Koha item type
    Dewey Decimal Classification     GRACE BIBLE COLLEGE GRACE BIBLE COLLEGE Ministry & Mission 2018-05-18   266.0021 JOH 000360 2025-05-01 c.1 2018-05-18 Books
    Dewey Decimal Classification     GRACE BIBLE COLLEGE GRACE BIBLE COLLEGE Ministry & Mission 2018-05-18   266.0021 JOH 000361 2025-05-01 c.2 2018-05-18 Books
    Dewey Decimal Classification     GRACE BIBLE COLLEGE GRACE BIBLE COLLEGE Ministry & Mission 2018-05-18   266.0021 JOH 000362 2025-05-01 c.3 2018-05-18 Books
© Grace Bible College Library 2025